| 000 | 00583cam a22002172a 4500 | ||
|---|---|---|---|
| 001 | 022225 | ||
| 003 | AR-FADEU | ||
| 008 | 311216n1995####xxu####################dd | ||
| 020 | _a950-33-0107-6 | ||
| 092 |
_a362.033 _bA361 |
||
| 100 | _aAlderete, Ana M. | ||
| 245 | _aProcesos de organizaciones de base : diagnóstico, evaluación, técnicas. e instrumentos | ||
| 260 | _aCórdoba | ||
| 260 | _bSERVIPROH | ||
| 260 | _c1995 | ||
| 300 | _a99 p | ||
| 500 | _aIncluye bibliografía | ||
| 700 | _aE. Marcela, Rodríguez | ||
| 650 | _aORGANIZACIONES DE BASE | ||
| 942 | _cBDGR | ||
| 999 |
_c27927 _d27927 |
||